| 000 | 00579nam a22001817a 4500 | ||
|---|---|---|---|
| 005 | 20130905111230.0 | ||
| 010 | _aENG-107586 | ||
| 020 |
_a9788132110316 _c650.00 |
||
| 035 | _aEN-91119 | ||
| 037 | _bDBAD/PUB | ||
| 245 |
_aStrategy : _cby Stewart Clegg...[et al] _btheory and practice / |
||
| 260 |
_aNew Delhi _bSage Publications _c2011 |
||
| 270 |
_aB1/I-1 Mohan Cooperative Industrial Area Mathura Road _bNew Delhi _e110044 |
||
| 300 |
_axxvii,460p. _c23cm(pbk) |
||
| 500 | _aIncludes bibliographical references and index | ||
| 700 | _aClegg, Stewart | ||
| 942 |
_2ddc _cEN _mCLE |
||
| 999 |
_c76602 _d76602 |
||